书目信息 |
| 题名: |
舞台灯光设计
|
|
| 作者: | 徐明 著 | |
| 分册: | ||
| 出版信息: | 上海 上海人民美术出版社 2016.06 |
|
| 页数: | 149页 | |
| 开本: | 26cm | |
| 丛书名: | ||
| 单 册: | ||
| 中图分类: | J814.4 | |
| 科图分类: | ||
| 主题词: | 舞台灯光--照明设计--高等学校--教材 | |
| 电子资源: | ||
| ISBN: | 978-7-5322-9923-2 | |
| 000 | 01126nam0 2200289 450 | |
| 001 | 0120161961268 | |
| 005 | 20170327084139.95 | |
| 010 | @a978-7-5322-9923-2@dCNY52.00 | |
| 100 | @a20160823d2016 em y0chiy50 ea | |
| 101 | 0 | @achi |
| 102 | @aCN@b310000 | |
| 105 | @aa z 000yy | |
| 106 | @ar | |
| 200 | 1 | @a舞台灯光设计@9wu tai deng guang she ji@f徐明著 |
| 205 | @a新1版 | |
| 210 | @a上海@c上海人民美术出版社@d2016.06 | |
| 215 | @a149页@c图@d26cm | |
| 300 | @a中国高等院校舞台设计专业系列教材 | |
| 312 | @a封面英文题名:Stage lighting design | |
| 330 | @a本书从分析光的物理性能入手,遵循技术与艺术和谐统一的舞台灯光设计原则,逐层深入地阐述了设备、光位、布光、表现手法、艺术效果等各方面的知识。重点章节还特别附加了详细的案例介绍,生动直观地表达了舞台灯光设计的操作理念,也有利于具体的教学实践。 | |
| 333 | @a本书可作为国内高校舞台灯光设计专业教材,也可供影视、舞台相关专业人员阅读参考 | |
| 510 | 1 | @aStage lighting design@zeng |
| 606 | 0 | @a舞台灯光@x照明设计@x高等学校@j教材 |
| 690 | @aJ814.4@v5 | |
| 701 | 0 | @a徐明@9xu ming@4著 |
| 801 | 0 | @aCN@b人天书店@c20160823 |
| 905 | @b981224-27@dJ814.4@e92=2@f4 | |
| 舞台灯光设计/徐明著.-新1版.-上海:上海人民美术出版社,2016.06 |
| 149页:图;26cm |
| 中国高等院校舞台设计专业系列教材.-使用对象:本书可作为国内高校舞台灯光设计专业教材,也可供影视、舞台相关专业人员阅读参考 |
| ISBN 978-7-5322-9923-2:CNY52.00 |
| 本书从分析光的物理性能入手,遵循技术与艺术和谐统一的舞台灯光设计原则,逐层深入地阐述了设备、光位、布光、表现手法、艺术效果等各方面的知识。重点章节还特别附加了详细的案例介绍,生动直观地表达了舞台灯光设计的操作理念,也有利于具体的教学实践。 |
| ● |
| 相关链接 |
|
|
|
|
正题名:舞台灯光设计
索取号:J814.4/92=2
 
预约/预借
| 序号 | 登录号 | 条形码 | 馆藏地/架位号 | 状态 | 备注 |
| 1 | 981224 | 209812247 | 第一样本阅览室/ [索取号:J814.4/92=2] | 在馆 | |
| 2 | 981225 | 209812256 | 第一借阅区/ [索取号:J814.4/92=2] | 在馆 | |
| 3 | 981226 | 209812265 | 第一借阅区/ [索取号:J814.4/92=2] | 在馆 | |
| 4 | 981227 | 209812274 | 密集书库-美术系/ [索取号:J814.4/92=2] | 在馆 |